000 00614nam a22002177a 4500
999 _c5227
_d5227
003 AR-CdUCM
008 190312b ||||| |||| 00| 0 spa d
040 _aMUNICIPALIDAD PROVINCIAL DEL CUSCO
_cBIBLIOTECA MUNICIPAL DEL CUSCO
082 _a869.61 /
_bL54
100 _aLevy, León
_915844
245 _aCanto al cobalto /
260 _aCaracas :
_c1955.
300 _c22 cm.
500 _aDonación de la familia Nieto.
505 _aContenido :Canto al cobalto
650 _aLiteratura
_983
650 _aHistorietas
_910786
650 _aCuentos venezolanos
_915845
942 _2ddc
_cLIBROS
945 _arum